Serafina sem rotina (Record no. 188103)

MARC details
000 -LÍDER
campo de controle de tamanho fixo 00367 a2200169 4500
001 - NÚMERO DE CONTROLE
campo de controle 188103
020 ## - ISBN - INTERNATIONAL STANDARD BOOK NUMBER
ISBN - International Standard Book Number 978-85-08-04736-9
040 ## - FONTE DA CATALOGAÇÃO
Instituição que transcreveu o registro Magnum
100 ## - ENTRADA PRINCIPAL--NOME PESSOAL
Nome pessoal Porto, Cristina
240 10 - TÍTULO UNIFORME
Título uniforme Serafina sem rotina
Idioma da obra por
245 10 - TÍTULO
Título Serafina sem rotina
300 ## - DESCRIÇÃO FÍSICA
Extensão 48
362 0# - DATAS DE PUBLICAÇÃO E/OU DESIGNAÇÃO SEQUENCIAL
Datas de publicação e/ou designação sequencial 2008
440 #1 - DECLARAÇÃO DE SÉRIE/ENTRADA ADICIONADA--TÍTULO
Título Ática
697 ## - ENTRADA DE ASSUNTO LOCAL--ENTIDADE COLETIVA (RLIN)
Nome corporativo ou nome da jurisdição LITERATURA INFANTO-JUVENIL
942 ## - ELEMENTOS DE ENTRADA ADICIONADOS (KOHA)
Tipo de material Koha Livros
Holdings
Situação do descarte Situação das perdas Situação física Não pode ser emprestado Biblioteca de origem Biblioteca atual Data de aquisição Total de empréstimos Número de chamada completo Código de barras Data de último acesso Data do preço efetivo Tipo de material Koha
        Magnum Magnum 08/06/2024   869.2.617 MAG00060174 08/06/2024 08/06/2024 Livros
        Magnum Magnum 08/06/2024   869.2.617 MAG00060175 08/06/2024 08/06/2024 Livros
        Magnum Magnum 08/06/2024   869.2.617 MAG00060176 08/06/2024 08/06/2024 Livros
        Magnum Magnum 08/06/2024   869.2.617 MAG00060177 08/06/2024 08/06/2024 Livros
        Magnum Magnum 08/06/2024   869.2.617 MAG00060178 08/06/2024 08/06/2024 Livros
        Magnum Magnum 08/06/2024   869.2.617 MAG00060179 08/06/2024 08/06/2024 Livros
        Magnum Magnum 08/06/2024   869.2.617 MAG00060180 08/06/2024 08/06/2024 Livros